[Event "Bratislava exe op"]
[Site "Bratislava"]
[Date "2023.09.15"]
[Round "1"]
[White "Kukan, Michal"]
[Black "Pasti, Aron"]
[Result "0-1"]
[WhiteElo "1772"]
[BlackElo "2372"]
[PlyCount "72"]
[EventDate "2023.09.15"]
[EventType "swiss"]
[EventRounds "9"]
[EventCountry "SVK"]
[SourceTitle "EXT 2024"]
[Source "ChessBase"]
[SourceDate "2023.10.10"]
[SourceVersion "1"]
[SourceVersionDate "2023.10.10"]
[SourceQuality "1"]

1. c4 e5 2. Nc3 Nf6 3. g3 d5 4. cxd5 Nxd5 5. Bg2 Nb6 6. d3 Be7 7. Nf3 Nc6 8. 0-0 0-0 9. a3 Be6 10. b4 a5 11. b5 Nd4 12. Nd2 c6 13. Rb1 a4 14. bxc6 bxc6 15. Bb2 Rc8 16. e3 Nb3 17. Nxa4 Nxa4 18. Nxb3 Nxb2 19. Rxb2 Bxa3 20. Rb1 c5 21. Ra1 Bb4 22. Ra4 Qb6 23. Nc1 Rfd8 24. Qe2 Qb5 25. Ra7 c4 26. Rb7 Qa5 27. Qb2 Ba3 28. Qb1 Bxc1 29. Rxc1 cxd3 30. Rxc8 Bxc8 31. Rb5 Qc7 32. Qd1 d2 33. Bf3 e4 34. Be2 Ba6 35. Rb1 Bxe2 36. Qxe2 Qc1+ 0-1

[Event "SVK-ch Amateurs"]
[Site "Liptovsky Jan"]
[Date "2023.06.18"]
[Round "7"]
[White "Kukan, Michal"]
[Black "Lukac, Roman"]
[Result "1/2-1/2"]
[WhiteElo "1797"]
[BlackElo "1997"]
[PlyCount "58"]
[EventDate "2023.06.15"]
[EventType "swiss"]
[EventRounds "8"]
[EventCountry "SVK"]
[SourceTitle "CBM 214 Extra"]
[Source "ChessBase"]
[SourceDate "2023.07.31"]
[SourceVersion "1"]
[SourceVersionDate "2023.07.31"]
[SourceQuality "1"]

1. c4 e5 2. Nc3 Nc6 3. g3 f5 4. Bg2 Nf6 5. e3 d6 6. Nge2 Be7 7. 0-0 0-0 8. d4 a6 9. a3 Qe8 10. b4 Bd7 11. Bb2 Rb8 12. Qb3 Kh8 13. Nd5 Bd8 14. Rfe1 Ne4 15. Rad1 Ne7 16. dxe5 Ba4 17. Qd3 Bxd1 18. Rxd1 Nxd5 19. Qxd5 c6 20. Qd3 dxe5 21. Bxe4 fxe4 22. Qxe4 Bf6 23. Nc3 Rd8 24. Rf1 Qd7 25. Rd1 Qf7 26. Rf1 Qd7 27. Rd1 Qf7 28. Rf1 Rd7 29. Na4 Re7 1/2-1/2

[Event "SVK-ch Amateurs"]
[Site "Liptovsky Jan"]
[Date "2023.06.16"]
[Round "3"]
[White "Kukan, Michal"]
[Black "Kedrzynski, Adam"]
[Result "1-0"]
[WhiteElo "1797"]
[BlackElo "1462"]
[PlyCount "78"]
[EventDate "2023.06.15"]
[EventType "swiss"]
[EventRounds "8"]
[EventCountry "SVK"]
[SourceTitle "CBM 214 Extra"]
[Source "ChessBase"]
[SourceDate "2023.07.31"]
[SourceVersion "1"]
[SourceVersionDate "2023.07.31"]
[SourceQuality "1"]

1. c4 c5 2. Nc3 Nc6 3. g3 g6 4. Bg2 Bg7 5. e3 e5 6. Nge2 Nge7 7. 0-0 0-0 8. b3 d6 9. Bb2 Be6 10. a3 Qd7 11. Ne4 h6 12. f4 f5 13. Nf2 Rab8 14. d4 cxd4 15. exd4 exd4 16. Nxd4 Nxd4 17. Bxd4 d5 18. Bxg7 Kxg7 19. Qd4+ Kh7 20. Rad1 Rfd8 21. Rfe1 Bg8 22. Qf6 Re8 23. Re5 Rbd8 24. Rde1 Nc6 25. Rxe8 Rxe8 26. Rd1 Re6 27. Qf8 Re8 28. Qf6 Re6 29. Qb2 Rd6 30. c5 Re6 31. Bxd5 Re1+ 32. Rxe1 Bxd5 33. Rd1 Qe6 34. b4 Bb3 35. Rd6 Qe1+ 36. Kg2 Qe3 37. Qf6 Ne7 38. Rd7 Bd5+ 39. Kh3 Qf3 1-0

[Event "SVK-ch Amateurs"]
[Site "Radava"]
[Date "2022.11.17"]
[Round "8"]
[White "Visvader, Kristof"]
[Black "Kukan, Michal"]
[Result "1/2-1/2"]
[WhiteElo "1504"]
[BlackElo "1765"]
[PlyCount "107"]
[EventDate "2022.11.14"]
[EventType "swiss"]
[EventRounds "8"]
[EventCountry "SVK"]
[SourceTitle "CBM 211 Extra"]
[Source "ChessBase"]
[SourceDate "2023.01.31"]
[SourceVersion "1"]
[SourceVersionDate "2023.01.31"]
[SourceQuality "1"]

1. e4 d5 2. exd5 Qxd5 3. Nc3 Qd8 4. d4 Nf6 5. Bc4 Bg4 6. f3 Bf5 7. Nge2 e6 8. Bg5 Nbd7 9. Ng3 Bg6 10. 0-0 h6 11. Bf4 a6 12. Re1 Be7 13. d5 exd5 14. Nxd5 Nxd5 15. Bxd5 0-0 16. Bxb7 Bc5+ 17. Kh1 Ra7 18. Be4 Nf6 19. Bxg6 fxg6 20. Qxd8 Rxd8 21. Ne4 Nxe4 22. Rxe4 g5 23. Be3 Bxe3 24. Rxe3 c6 25. Kg1 Rb7 26. b3 a5 27. Kf2 a4 28. Ke2 axb3 29. axb3 Rbd7 30. Rc3 Rd6 31. Ra6 Rd2+ 32. Kf1 Rd1+ 33. Kf2 R8d2+ 34. Ke3 Rxg2 35. Raxc6 Rxh2 36. b4 h5 37. b5 Rhh1 38. Rd3 Rhe1+ 39. Kd4 Rb1 40. Rb3 Rbd1+ 41. Kc4 Kh7 42. b6 Rd8 43. b7 Ree8 44. Kc5 h4 45. Rcb6 Rb8 46. Kc6 Re7 47. Kd6 Rf7 48. Ke6 Kg6 49. c4 h3 50. c5 h2 51. Ke5+ Rf6 52. Rb1 Rxb6 53. Rxb6+ Kf7 54. Rb1 1/2-1/2

[Event "Bratislava Slovakia op"]
[Site "Bratislava"]
[Date "2022.09.30"]
[Round "3"]
[White "Kukan, Michal"]
[Black "Mikulas, Dusan"]
[Result "1/2-1/2"]
[WhiteElo "1767"]
[BlackElo "2047"]
[PlyCount "20"]
[EventDate "2022.09.30"]
[EventType "swiss (rapid)"]
[EventRounds "9"]
[EventCountry "SVK"]
[SourceTitle "CBM 210 Extra"]
[Source "ChessBase"]
[SourceDate "2022.11.30"]
[SourceVersion "1"]
[SourceVersionDate "2022.11.30"]
[SourceQuality "1"]

1. e4 c5 2. Nf3 d6 3. c4 e5 4. Nc3 Nc6 5. Be2 g6 6. 0-0 Bg7 7. d3 Nge7 8. Bg5 h6 9. Be3 0-0 10. a3 Kh7 1/2-1/2

[Event "Trnava Reti Memorial op"]
[Site "Trnava"]
[Date "2022.08.12"]
[Round "3"]
[White "Kukan, Michal"]
[Black "Kosnac, Patrik"]
[Result "0-1"]
[WhiteElo "1761"]
[BlackElo "1919"]
[PlyCount "58"]
[EventDate "2022.08.11"]
[EventType "swiss"]
[EventRounds "7"]
[EventCountry "SVK"]
[SourceTitle "CBM 209 Extra"]
[Source "ChessBase"]
[SourceDate "2022.09.30"]
[SourceVersion "1"]
[SourceVersionDate "2022.09.30"]
[SourceQuality "1"]

1. c4 e6 2. Nc3 d5 3. cxd5 exd5 4. d4 Nf6 5. Nf3 c6 6. Bg5 Be7 7. h3 Bf5 8. e3 h6 9. Bh4 Qb6 10. Qc1 Nbd7 11. Be2 Bd6 12. 0-0 Qc7 13. Qe1 Ne4 14. Rc1 Qb6 15. Nd2 Nxc3 16. Rxc3 Bb4 17. Bd3 Bxc3 18. Bxf5 Qxb2 19. Bxd7+ Kxd7 20. Qd1 Bxd2 21. Qg4+ Kc7 22. Bg3+ Kb6 23. Qf5 Ka6 24. Rb1 Qxa2 25. Rxb7 Ba5 26. Qd7 Qc2 27. Bc7 Kxb7 28. Bxa5+ Ka6 29. Bb4 Qb1+ 0-1

[Event "Skalica op-B"]
[Site "Skalica"]
[Date "2021.08.28"]
[Round "8"]
[White "Janik, Marek Tobias"]
[Black "Kukan, Michal"]
[Result "1-0"]
[WhiteElo "1680"]
[BlackElo "1809"]
[PlyCount "80"]
[EventDate "2021.08.21"]
[EventType "swiss"]
[EventRounds "9"]
[EventCountry "SVK"]
[SourceTitle "CBM 204 Extra"]
[Source "ChessBase"]
[SourceDate "2021.11.30"]
[SourceVersion "1"]
[SourceVersionDate "2021.11.30"]
[SourceQuality "1"]

1. d4 d6 2. c4 g6 3. Nc3 Bg7 4. e4 Nd7 5. Be3 b6 6. g3 e5 7. Nge2 exd4 8. Nxd4 Bb7 9. Bg2 Ngf6 10. 0-0 0-0 11. Re1 Rb8 12. Qc2 Ng4 13. Rad1 Nde5 14. b3 Nxe3 15. Rxe3 h5 16. h3 Bh6 17. Ree1 Kh8 18. f4 Nc6 19. Nd5 h4 20. Qf2 hxg3 21. Qxg3 Nxd4 22. Rxd4 Bg7 23. Rdd1 Bxd5 24. Rxd5 Bf6 25. Red1 Qe7 26. e5 Bh4 27. exd6 cxd6 28. Qf3 Rbd8 29. f5 Rg8 30. R1d4 Rde8 31. fxg6 fxg6 32. Re4 Qd8 33. Rh5+ gxh5 34. Qxh5+ Kg7 35. Rg4+ Kf8 36. Qh6+ Ke7 37. Qh7+ Kf6 38. Qxh4+ Ke5 39. Qh5+ Kf6 40. Rf4+ Kg7 1-0

[Event "SVK-ch Seniors 50"]
[Site "Tatranske Matliare"]
[Date "2021.06.26"]
[Round "8"]
[White "Lys, Josef"]
[Black "Kukan, Michal"]
[Result "1-0"]
[WhiteElo "2113"]
[BlackElo "1804"]
[PlyCount "71"]
[EventDate "2021.06.20"]
[EventType "swiss"]
[EventRounds "9"]
[EventCountry "SVK"]
[SourceTitle "EXT 2022"]
[Source "ChessBase"]
[SourceDate "2021.10.06"]
[SourceVersion "1"]
[SourceVersionDate "2021.10.06"]
[SourceQuality "1"]

1. d4 d5 2. c4 e6 3. Nc3 Be7 4. Nf3 Nf6 5. Bg5 h6 6. Bh4 0-0 7. e3 c6 8. Qc2 Nh7 9. Bg3 Ng5 10. Ne5 Qa5 11. Bd3 f5 12. Ng6 Re8 13. Nxe7+ Rxe7 14. f3 Nd7 15. 0-0 Nf6 16. Bd6 Re8 17. Rae1 Qd8 18. Bf4 b6 19. cxd5 Nxd5 20. Nxd5 cxd5 21. Rc1 Bd7 22. Ba6 Nf7 23. Bb7 Qe7 24. Bxa8 Rxa8 25. Qc7 g5 26. Be5 Nd8 27. e4 Qf7 28. exd5 exd5 29. Qd6 Ne6 30. Qxd5 Rd8 31. Qb7 Qe8 32. Qxa7 Bb5 33. Rfe1 Ra8 34. Qxb6 Rxa2 35. d5 Nf8 36. Qxh6 1-0

[Event "Drienica Saris op"]
[Site "Drienica"]
[Date "2020.08.11"]
[Round "5"]
[White "Dragula, Miroslav"]
[Black "Kukan, Michal"]
[Result "0-1"]
[WhiteElo "1571"]
[BlackElo "1775"]
[PlyCount "50"]
[EventDate "2020.08.07"]
[EventType "swiss"]
[EventRounds "9"]
[EventCountry "SVK"]
[SourceTitle "CBM 197 Extra"]
[Source "ChessBase"]
[SourceDate "2020.09.30"]
[SourceVersion "1"]
[SourceVersionDate "2020.09.30"]
[SourceQuality "1"]

1. d4 Nf6 2. c4 g6 3. Nc3 d5 4. e3 Bg7 5. Nf3 0-0 6. h3 c6 7. Be2 Ne4 8. Nxe4 dxe4 9. Nd2 f5 10. Nb3 a5 11. Nc5 e5 12. d5 Qd6 13. Na4 Bd7 14. Nc3 Kh8 15. 0-0 Na6 16. dxc6 Qxc6 17. Qd5 Nb4 18. Qxc6 Bxc6 19. Rb1 Rfd8 20. b3 Nd3 21. Ba3 f4 22. Rfd1 fxe3 23. f3 Nf2 24. Be7 Nxd1 25. Bxd8 Nxc3 0-1

[Event "SVK-ch Amateur"]
[Site "Topolcany"]
[Date "2020.07.12"]
[Round "5"]
[White "Kukan, Michal"]
[Black "Kucera, Michal"]
[Result "0-1"]
[WhiteElo "1769"]
[BlackElo "1991"]
[PlyCount "22"]
[EventDate "2020.07.10"]
[EventType "swiss"]
[EventRounds "7"]
[EventCountry "SVK"]
[SourceTitle "EXT 2021"]
[Source "ChessBase"]
[SourceDate "2020.10.23"]
[SourceVersion "1"]
[SourceVersionDate "2020.10.23"]
[SourceQuality "1"]

1. c4 e5 2. Nc3 Nf6 3. g3 d5 4. cxd5 Nxd5 5. Bg2 Nb6 6. d3 Be7 7. Nf3 Nc6 8. 0-0 0-0 9. Bd2 Be6 10. a3 a5 11. Nb5 f6 0-1

[Event "Levice Toth Memorial"]
[Site "Levice"]
[Date "2019.08.03"]
[Round "4"]
[White "Pirvulescu, Adrian"]
[Black "Kukan, Michal"]
[Result "1-0"]
[WhiteElo "1960"]
[BlackElo "1722"]
[PlyCount "129"]
[EventDate "2019.08.01"]
[EventType "swiss"]
[EventRounds "7"]
[EventCountry "SVK"]
[SourceTitle "EXT 2020"]
[Source "ChessBase"]
[SourceDate "2019.10.17"]
[SourceVersion "1"]
[SourceVersionDate "2019.10.17"]
[SourceQuality "1"]

1. e4 d5 2. exd5 Qxd5 3. Nc3 Qd8 4. d4 g6 5. Bf4 c6 6. Qd2 Bf5 7. Nf3 Qa5 8. Ne5 Be6 9. Bc4 Bxc4 10. Nxc4 Qd8 11. 0-0-0 b5 12. Ne5 e6 13. Ne4 Qd5 14. Nc3 Qxg2 15. Qe3 g5 16. Bxg5 Qxg5 17. Qxg5 Bh6 18. f4 Bxg5 19. fxg5 Ne7 20. Ne4 Nf5 21. c3 a5 22. Nf6+ Ke7 23. Nfg4 Ra6 24. Rd3 Nd7 25. Nxd7 Kxd7 26. Nf6+ Ke7 27. Rh3 h6 28. Ng4 Raa8 29. gxh6 f6 30. h7 Raf8 31. Re1 Rf7 32. Ne3 Nd6 33. d5 exd5 34. Nxd5+ Kd7 35. Ne3 Rhxh7 36. Rxh7 Rxh7 37. Ng4 Rf7 38. h4 Kc7 39. h5 f5 40. Nf2 Rh7 41. Rh1 Rh6 42. Kd2 Kd7 43. Ke3 Ke6 44. Kf4 Kf6 45. Nd3 Ne4 46. Ne5 Ng3 47. Nd7+ Ke7 48. Kxg3 Kxd7 49. Kf4 Ke6 50. Kg5 Rh8 51. Re1+ Kd5 52. h6 f4 53. Kg6 f3 54. Kg7 Rc8 55. h7 Rc7+ 56. Kg6 Rc8 57. Rh1 Ke4 58. h8Q Rxh8 59. Rxh8 f2 60. Rh1 Ke3 61. Kf5 c5 62. Ke5 b4 63. cxb4 cxb4 64. Kd5 Kd3 65. Kc5 1-0